00380nam a2200133Ia 4500008004100000082002100041100002000062245003800082260003200120365000600152530001200158630003800170730003800208100415s9999 xx 000 0 und d b22031a591.9(54) aBurton, Mourice aEncyclopedia of Animals in Colour aLONDONc1972bOCTOPUS BOOKS b0 bDonated aEncyclopedia of Animals in Colour aEncyclopedia of Animals in Colour